|
|
|
|
| LEADER |
00000cam a2200000 7i4500 |
| 001 |
0000000593 |
| 005 |
20151222.0 |
| 008 |
070702 |
| 020 |
|
|
|a 9830212327(set)
|
| 020 |
|
|
|a 9830212351
|
| 090 |
0 |
0 |
|a JF
|b MAL (327)
|
| 100 |
0 |
|
|a S. Shahril
|
| 245 |
1 |
0 |
|a Kalau sudah takdir
|c S. Shahril
|
| 260 |
|
|
|a Selangor :
|b Pustaka Angsana ,
|c 2003
|
| 440 |
|
0 |
|a Siri novel menggapai impian
|
| 500 |
|
|
|a Children ages 7-9 years old (orange)
|
| 650 |
|
0 |
|a Malay fiction
|
| 999 |
|
|
|a 0000007829
|b Book
|c Children Collection
|e Cawangan Taman Universiti
|
| 999 |
|
|
|a 0000007830
|b Book
|c Children Collection
|e Cawangan Taman Universiti
|
| 999 |
|
|
|a 0000007831
|b Book
|c Children Collection
|e Cawangan Taman Universiti
|
| 999 |
|
|
|a 0000007832
|b Book
|c Children Collection
|e Cawangan Taman Universiti
|
| 999 |
|
|
|a 0000886158
|b Book
|c Children Collection
|e Cawangan Mersing
|
| 999 |
|
|
|a 0000886159
|b Book
|c Children Collection
|e Cawangan Muar
|
| 999 |
|
|
|a 0000958893
|b Book
|c Children Collection
|e Cawangan Tangkak
|
| 999 |
|
|
|a 0000958894
|b Book
|c Children Collection
|e Perbadanan Perpustakaan Awam Johor
|
| 999 |
|
|
|a 0000958895
|b Book
|c Children Collection
|e Cawangan Bukit Gambir
|
| 999 |
|
|
|a 0000958896
|b Book
|c Children Collection
|e Perbadanan Perpustakaan Awam Johor
|
| 999 |
|
|
|a 0000958897
|b Book
|c Children Collection
|e Perbadanan Perpustakaan Awam Johor
|
| 999 |
|
|
|a 0001054642
|b Book
|c Children Collection
|e Cawangan Taman Universiti
|
| 999 |
|
|
|a 0001054643
|b Book
|c Children Collection
|e Cawangan Taman Universiti
|